000 00562cam a2200205ua 4500
001 6482
008 140213n ii |||gr||||Z||||||eng
040 _cMAIN
082 _a346.066
245 _aCompany law and secretarial practice
_cBy V.V. Seshavataram
250 _a2nd ed.
260 _aNew delhi:
_bS. Chand & company ltd,
_c1982.
300 _ax,202p.
653 _aCompany law
700 _aSeshavataram,V.V.,
_eAuthor.,
700 _aChacko,Ranjan,
_eAuthor.
700 _aCornelius,Paul,
_eAuthor.
700 _aRamavataram,G.,
_eAuthor.
942 _cBK
999 _c5631
_d5631